|
|
|
|
| LEADER |
00000nam0a2200000 4500 |
| 001 |
146562 |
| 005 |
20231101221233.0 |
| 010 |
|
|
|a 9785982273437
|
| 035 |
|
|
|a (RuTPU)RU\TPU\book\158862
|
| 090 |
|
|
|a 146562
|
| 100 |
|
|
|a 20081030d2008 m y0rusy50 ca
|
| 101 |
0 |
|
|a rus
|
| 102 |
|
|
|a RU
|
| 105 |
|
|
|a a j 001zy
|
| 200 |
1 |
|
|a Методы оптимизации химико-технологических процессов
|e учебное пособие
|f Г. М. Островский, Ю. М. Волин, Н. Н. Зиятдинов
|
| 210 |
|
|
|a Москва
|c Университет
|d 2008
|
| 215 |
|
|
|a 424 с.
|c ил.
|
| 320 |
|
|
|a Библиогр.: с. 397-407.
|
| 330 |
|
|
|a Книга посвящена проблеме оптимизации химико-технологических процессов, которая возникает как при проектировании новых производств, так и при интенсификации и автоматизированном управлении действующими производствами. Большое внимание уделено проблемам оптимизации химико-технологических процессов в условиях частичной неопределенности исходной физико-химической и технологической информации. Рассмотрены алгоритмы синтеза оптимальных химико-технологических систем. Эффективность описанных методов иллюстрируется многочисленными примерами тестовых и реальных задач оптимизации процессов химической технологии. Книга предназначена для студентов, магистрантов, аспирантов, преподавателей, научных и инженерно-технических работников, чьи интересы лежат в области математического моделирования, оптимизации, автоматизированного проектирования процессов в химической технологии и других отраслях науки и техники - пищевой промышленности, металлургии, электроэнергетике, экономике, машиностроении.
|
| 451 |
|
1 |
|0 (RuTPU)RU\TPU\book\36626
|t Методы оптимизации сложных химико-технологических схем
|f Г. М. Островский, Ю. М. Волин
|c М.
|n Химия
|d 1970
|p 328 с.
|a Островский, Геннадий Маркович
|
| 606 |
1 |
|
|a Химико-технологические процессы
|x Оптимизация
|2 stltpush
|3 (RuTPU)RU\TPU\subj\30954
|9 53955
|
| 610 |
1 |
|
|a химическая технология
|
| 610 |
1 |
|
|a стационарные режимы
|
| 610 |
1 |
|
|a расчет
|
| 610 |
1 |
|
|a безусловная минимизация
|
| 610 |
1 |
|
|a ограничения
|
| 610 |
1 |
|
|a большие системы
|
| 610 |
1 |
|
|a физико-химическая информация
|
| 610 |
1 |
|
|a технологическая информация
|
| 610 |
1 |
|
|a частичная неопределенность
|
| 610 |
1 |
|
|a оптимальный синтез
|
| 610 |
1 |
|
|a учебные пособия
|
| 610 |
1 |
|
|a математическое моделирование
|
| 610 |
1 |
|
|a металлургия
|
| 610 |
1 |
|
|a пищевая промышленность
|
| 610 |
1 |
|
|a электроэнергетика
|
| 610 |
1 |
|
|a экономика
|
| 610 |
1 |
|
|a машиностроение
|
| 675 |
|
|
|a 66.011(075.8)
|v 3
|
| 700 |
|
1 |
|a Островский
|b Г. М.
|g Геннадий Маркович
|
| 701 |
|
1 |
|a Волин
|b Ю. М.
|g Юрий Маркович
|
| 701 |
|
1 |
|a Зиятдинов
|b Н. Н.
|g Надир Низамович
|
| 801 |
|
1 |
|a RU
|b 63413507
|c 20081030
|g PSBO
|
| 801 |
|
2 |
|a RU
|b 63413507
|c 20150821
|g PSBO
|
| 900 |
|
|
|a Методы оптимизации
|
| 900 |
|
|
|a Оптимизация химико-технологических процессов и систем
|
| 900 |
|
|
|a Оптимизация химических процессов основного органического и нефтехимического синтеза
|
| 900 |
|
|
|a Методы кибернетики химико-технологических процессов
|
| 900 |
|
|
|a Принципы математического моделирования и оптимизации химико-технологических систем
|
| 942 |
|
|
|c BK
|
| 959 |
|
|
|a 98/20081030
|d 1
|e 330,00
|f ЧЗТЛ:1
|
| 959 |
|
|
|a 62/20090527
|d 10
|e 0
|f УФ:10
|